000 00589nam a2200193 a 4500
001 746
003 CO-ViMGA
008 141112s2004 ck r 000 u spa d
040 _aCO-ViMGA
_bspa
_cCO-ViMGA
082 0 4 _a338.7 R653
100 1 _aRomeur, Jean
_948610
245 1 0 _aLa empresa en la vida económica
260 _aBarcelona :
_bOikos - tau,
_c1972
300 _a124 p
490 _aQue se?, 79
505 _aLa empresa y la vida económica 7 - - La empresa y la evolución 83 - - La empresa y el conocimiento de los hechos 107
650 1 4 _aEMPRESA
_948611
942 _2ddc
_cBK
999 _c12983
_d12983